000 00631nam a2200205Ia 4500
003 GCL
005 20240530103121.0
008 140319s9999 xx 000 0 ara d
040 _aGCL /
_cGCL
082 0 4 _a091.1
_bر م
100 1 _aرمضان عبدالتواب
245 1 0 _aمناهج تحقيق التراث : بين القدامى والمحدثين /
_cرمضان عبدالتواب
260 _a[S.N] :
_bمكتبة الخانجى ،
_c1985
300 _a436 ص
650 0 4 _aطرق البحث
650 0 4 _aالتراث العربى
650 0 4 _aالمخطوطات
650 0 4 _aتحقيق
942 _2ddc
_cBK
999 _c36956
_d36956